<?xml version="1.0" encoding="UTF-8"?>
<record
    xmlns:xsi="http://www.w3.org/2001/XMLSchema-instance"
    xsi:schemaLocation="http://www.loc.gov/MARC21/slim http://www.loc.gov/standards/marcxml/schema/MARC21slim.xsd"
    xmlns="http://www.loc.gov/MARC21/slim">

  <leader>00549nam a2200193Ia 4500</leader>
  <controlfield tag="003">LDD</controlfield>
  <controlfield tag="008">181029s9999    xx            000 0 und d</controlfield>
  <datafield tag="020" ind1=" " ind2=" ">
    <subfield code="a">8171699227</subfield>
    <subfield code="c">1400.00</subfield>
  </datafield>
  <datafield tag="040" ind1=" " ind2=" ">
    <subfield code="c">LDD</subfield>
  </datafield>
  <datafield tag="100" ind1=" " ind2=" ">
    <subfield code="a">Khan, Masood Ali</subfield>
  </datafield>
  <datafield tag="245" ind1=" " ind2="0">
    <subfield code="a">Islam in the modern world</subfield>
    <subfield code="c">Masood Ali Khan</subfield>
  </datafield>
  <datafield tag="260" ind1=" " ind2=" ">
    <subfield code="a">New Delhi</subfield>
    <subfield code="b">Common wealth</subfield>
    <subfield code="c">2006</subfield>
  </datafield>
  <datafield tag="300" ind1=" " ind2=" ">
    <subfield code="a">287p.</subfield>
  </datafield>
  <datafield tag="365" ind1=" " ind2=" ">
    <subfield code="b">1400.00</subfield>
  </datafield>
  <datafield tag="901" ind1=" " ind2=" ">
    <subfield code="a">8403</subfield>
    <subfield code="b">25-01-2012</subfield>
  </datafield>
  <datafield tag="902" ind1=" " ind2=" ">
    <subfield code="a">SA/D/261/2011</subfield>
    <subfield code="b">31-01-2012</subfield>
    <subfield code="c">F</subfield>
    <subfield code="d">S-A</subfield>
    <subfield code="e">FTF</subfield>
  </datafield>
  <datafield tag="903" ind1=" " ind2=" ">
    <subfield code="a">Discount-15</subfield>
    <subfield code="b">Reqst by : Mohammad Saleem              </subfield>
  </datafield>
  <datafield tag="942" ind1=" " ind2=" ">
    <subfield code="2">ddc</subfield>
    <subfield code="c">BK</subfield>
  </datafield>
  <datafield tag="952" ind1=" " ind2=" ">
    <subfield code="0">0</subfield>
    <subfield code="1">0</subfield>
    <subfield code="2">ddc</subfield>
    <subfield code="4">0</subfield>
    <subfield code="7">0</subfield>
    <subfield code="9">101569</subfield>
    <subfield code="a">LDD</subfield>
    <subfield code="b">LDD</subfield>
    <subfield code="l">0</subfield>
    <subfield code="o">297.09 Is41</subfield>
    <subfield code="p">084904</subfield>
    <subfield code="r">2018-11-01</subfield>
    <subfield code="w">2018-11-01</subfield>
    <subfield code="y">BK</subfield>
  </datafield>
  <datafield tag="999" ind1=" " ind2=" ">
    <subfield code="c">101570</subfield>
    <subfield code="d">101570</subfield>
  </datafield>
</record>
